How to get ideas (Record no. 12880)

000 -LEADER
fixed length control field 01387cam a2200301 a 4500
001 - CONTROL NUMBER
control field 14593197
005 - DATE AND TIME OF LATEST TRANSACTION
control field 20170105102410.0
008 - FIXED-LENGTH DATA ELEMENTS--GENERAL INFORMATION
fixed length control field 061013s2006 cau b 001 0 eng
010 ## - LIBRARY OF CONGRESS CONTROL NUMBER
LC control number 2006033541
020 ## - INTERNATIONAL STANDARD BOOK NUMBER
International Standard Book Number 9781576754306 (pbk.)
040 ## - CATALOGING SOURCE
Original cataloging agency DLC
Transcribing agency DLC
Modifying agency DLC
050 00 - LIBRARY OF CONGRESS CALL NUMBER
Classification number PN147
Item number .F66 2006
082 00 - DEWEY DECIMAL CLASSIFICATION NUMBER
Classification number 808.066659 FOS
Edition number 22
100 1# - MAIN ENTRY--PERSONAL NAME
Personal name Foster, Jack,
Dates associated with a name 1930-
245 10 - TITLE STATEMENT
Title How to get ideas
Statement of responsibility, etc. by Jack Foster ; illustrated by Larry Corby.
250 ## - EDITION STATEMENT
Edition statement 2nd ed.
260 ## - PUBLICATION, DISTRIBUTION, ETC.
Place of publication, distribution, etc. San Francisco :
Name of publisher, distributor, etc. Berrett-Koehler Publishers,
Date of publication, distribution, etc. 2006.
300 ## - PHYSICAL DESCRIPTION
Extent 214 p. ;
Dimensions 22 cm.
504 ## - BIBLIOGRAPHY, ETC. NOTE
Bibliography, etc. note Includes bibliographical references (p. 185-197) and index.
505 0# - FORMATTED CONTENTS NOTE
Formatted contents note Have fun -- Be more like a child -- Become idea-prone -- Visualize success -- Rejoice in failure -- Get more inputs -- Screw up your courage -- Team up with energy -- Rethink your thinking -- Learn how to combine -- Define the problem -- Gather the information -- Search for the idea -- Forget about it -- Put the idea into action.
650 #0 - SUBJECT ADDED ENTRY--TOPICAL TERM
Topical term or geographic name entry element Authorship.
650 #0 - SUBJECT ADDED ENTRY--TOPICAL TERM
Topical term or geographic name entry element Advertising.
650 #0 - SUBJECT ADDED ENTRY--TOPICAL TERM
Topical term or geographic name entry element Business writing.
856 41 - ELECTRONIC LOCATION AND ACCESS
Materials specified Table of contents only
Uniform Resource Identifier <a href="http://www.loc.gov/catdir/toc/ecip072/2006033541.html">http://www.loc.gov/catdir/toc/ecip072/2006033541.html</a>
906 ## - LOCAL DATA ELEMENT F, LDF (RLIN)
a 7
b cbc
c orignew
d 1
e ecip
f 20
g y-gencatlg
942 ## - ADDED ENTRY ELEMENTS (KOHA)
Source of classification or shelving scheme
Koha item type Book
Holdings
Withdrawn status Lost status Damaged status Not for loan Collection code Permanent Location Current Location Shelving location Date acquired Source of acquisition Cost, normal purchase price Total Checkouts Total Renewals Full call number Barcode Checked out Date last seen Date last checked out Price effective from Koha item type
          Central Library (CL) Central Library (CL) General Stacks 06/19/2014 Progressive International agencies 2339.53 10 6 808.066659 FOS SEECS013224 05/26/2026 12/14/2025 12/14/2025 06/17/2014 Book
© 2023 Central Library, National University of Sciences and Technology. All Rights Reserved.